Scotland a model for public sector (Record no. 80079)
[ view plain ]
| 000 -LEADER | |
|---|---|
| fixed length control field | 00836cab a22001935a 4500 |
| 001 - CONTROL NUMBER | |
| control field | L143171 |
| 008 - FIXED-LENGTH DATA ELEMENTS--GENERAL INFORMATION | |
| fixed length control field | 080414e20080410xxkd f 000 0 eng d |
| 035 ## - SYSTEM CONTROL NUMBER | |
| System control number | (Sirsi) u143171 |
| 041 0# - LANGUAGE CODE | |
| Language code of text/sound track or separate title | eng |
| 100 1# - MAIN ENTRY--PERSONAL NAME | |
| Personal name | Reisner, Alasdair |
| 245 00 - TITLE STATEMENT | |
| Title | Scotland a model for public sector |
| 260 ## - PUBLICATION, DISTRIBUTION, ETC. | |
| Date of publication, distribution, etc. | 2008 |
| 490 #0 - SERIES STATEMENT | |
| Series statement | Construction News |
| Volume/sequential designation | (7063) 10 April 2008, 20-21(2) |
| 520 ## - SUMMARY, ETC. | |
| Summary, etc. | Despite concerns that the Scottish National Party would curb Scottish infrastructure spending, nearly a year on the Scottish construction industry has welcomed the government's detailed Infrastructure Investment Plan. Details major projects in Scotland, broken down by sector (schools, universities and colleges, rail, roads, water, health, housing, and justice). |
| 590 ## - LOCAL NOTE (RLIN) | |
| Local note | KA |
| 651 #4 - SUBJECT ADDED ENTRY--GEOGRAPHIC NAME | |
| Geographic name | Scotland |
| Chronological subdivision | 1999- |
| 690 ## - LOCAL SUBJECT ADDED ENTRY--TOPICAL TERM (OCLC, RLIN) | |
| Topical term or geographic name as entry element | BUILT ENVIRONMENT |
| 942 ## - ADDED ENTRY ELEMENTS (KOHA) | |
| Suppress in OPAC | 0 |
| Withdrawn status | Lost status | Source of classification or shelving scheme | Damaged status | Not for loan | Home library | Current library | Shelving location | Date acquired | Total Checkouts | Full call number | Barcode | Date last seen | Copy number | Price effective from | Koha item type |
|---|---|---|---|---|---|---|---|---|---|---|---|---|---|---|---|
| Dewey Decimal Classification | London | London | Journal article | 14/04/2008 | L143171 | 143171-1001 | 06/08/2019 | 1 | 06/08/2019 | Journal article |